Statistics for Eurovision Song Lyrics - Germany

Click here to take the quiz!

General Stats

  • This quiz has been taken 20 times
  • The average score is 157 of 269

Answer Stats

Answer% Correct
A
100%
a
100%
We
88%
we
88%
and
81%
so
81%
the
81%
are
75%
to
75%
Blood
69%
blood
69%
could
69%
do
69%
glitter,
69%
glitter
69%
No
69%
die
63%
go,
63%
go
63%
happy
63%
We're
63%
Now
56%
on
56%
With
56%
all
50%
before
50%
bitter
50%
broken
50%
fall
50%
fly
50%
from
50%
in
50%
is
50%
rise
50%
sweet
50%
Sweet
50%
What
50%
wings,
50%
flow,
44%
flow
44%
it
44%
learn
44%
same
44%
sinner
44%
your
44%
but
38%
Let
38%
Never
38%
or
38%
saint
38%
forget?
31%
know
31%
need
31%
that?
31%
above
25%
below
25%
break
25%
change
25%
choice
25%
free
25%
make
25%
ourselves
25%
promise
25%
two
25%
we'll
25%
clouds
19%
count
19%
head
19%
Keep
19%
This
19%
too
19%
Whether
19%
fast
13%
feet
13%
ground
13%
Life's
13%
up
13%

Score Distribution

Percentile by Number Answered

Percent of People with Each Score

Your Score History

You have not taken this quiz